000 00298nam a22001337a 4500
020 _a978-81-7233-696-7
041 _aENG
100 _aPandey.A.K
245 _aBiofuels Potential And Challenges
260 _aDelhi
_bScientific
_c2011
300 _a328
650 _aEOES
856 _uEOES ( 11 )
999 _c1126
_d1126